| 000 | 00497cam a2200145 4500500 | ||
|---|---|---|---|
| 005 | 20260322010642.0 | ||
| 041 | _afre | ||
| 042 | _adc | ||
| 100 | 1 | 0 |
_aAkpona, Simon _eauthor |
| 245 | 0 | 0 | _aÉWÉ : le pouvoir de la feuille (plante) dans l’ethno-pharmacopée en milieu Nagot (Tchabè) |
| 260 | _c2009. | ||
| 500 | _a19 | ||
| 786 | 0 | _nPsy Cause | 55 | 3 | 2009-01-07 | p. 50-53 | 1245-2394 | |
| 856 | 4 | 1 | _uhttps://shs.cairn.info/revue-psy-cause-2009-3-page-50?lang=fr&redirect-ssocas=7080 |
| 999 |
_c1758197 _d1758197 |
||